Rural Local Goverrnment in India: (Record no. 192321)

MARC details
000 -LEADER
fixed length control field 00603nam a22001817a 4500
005 - DATE AND TIME OF LATEST TRANSACTION
control field 20220919124039.0
010 ## - LCCN (DPL NO)
LC control number ENG-135122
020 ## - INTERNATIONAL STANDARD BOOK NUMBER
International Standard Book Number 9789387253070
Terms of availability 180.00
035 ## - SYSTEM CONTROL NUMBER
System control number EN-118654
037 ## - SOURCE OF ACQUISITION
Source of stock number/acquisition DBAD / PUB
082 ## - DEWEY DECIMAL CLASSIFICATION NUMBER
Classification number 352.0070954
100 ## - MAIN ENTRY--PERSONAL NAME
Personal name Pankaj Singh
245 ## - TITLE STATEMENT
Title Rural Local Goverrnment in India:
Remainder of title A Study of panchayat raj/
Statement of responsibility, etc Pankaj singh
260 ## - PUBLICATION, DISTRIBUTION, ETC. (IMPRINT)
Place of publication, distribution, etc Allahabad
Name of publisher, distributor, etc Kitab Mahal
Date of publication, distribution, etc 2018
270 ## - ADDRESS
Address 18-B Nyaya Marg,Ashok Nagar
City Allahabad
Postal code 211001
Telephone number 0532-2424154
Electronic mail address info@kitabmahalpublishers.com
300 ## - PHYSICAL DESCRIPTION
Extent 200p.
Dimensions 21cm(pbk)
942 ## - ADDED ENTRY ELEMENTS (KOHA)
Source of classification or shelving scheme Dewey Decimal Classification
Item type English Books
Call number suffix PAN
Classification part 352.0070954
Holdings
Withdrawn status Lost status Not for loan Collection code Home library Current library Date acquired Source of acquisition Cost, normal purchase price Full call number Barcode Copy number Cost, replacement price Koha item type
      Non-fiction Bawana Bawana 19/09/2022 DBAD/PUB 180.00 352.0070954 PAN EN-118654 1 180.00 English Books

© Delhi Public Library
Hit Counter
free hit counter